Petit Bac #52 - Communes du Limousin - Statistiques

Statistiques générales
  • Ce quiz a été pris 362 fois
  • Le résultat moyen est 9 sur 18
Statistiques - réponses
1ère Lettre Commune (2500+ hab.) % Correct
L Limoges / Le Palais-sur-Vienne / La Souterraine
95%
B Brive-la-Gaillarde / Bellac / Boisseuil / Bessines-sur-Gartempe / Bort-les-Orgues / Bourganeuf / Bosmie-l'Aiguille
92%
T Tulle
79%
A Aixe-sur-Vienne / Ambazac / Allassac / Aubusson / Argentat-sur-Dordogne
76%
G Guéret
76%
U Ussel / Ussac / Uzerche
71%
S Saint-Junien / Saint-Yrieix-la-Perche / Saint-Pantaléon-de-Larche / Saint-Léonard-de-Noblat / Saint-Priest-Taurion / Saint-Just-le-Martel / Sainte-Feyre
63%
C Couzeix / Condat-sur-Vienne / Cosnac
46%
I Isle
45%
O Objat / Oradour-sur-Glane
41%
P Panazol
40%
R Rilhac-Rancon / Rochechouart
36%
M Malemort / Meymac
35%
F Feytiat
29%
E Egletons
28%
V Verneuil-sur-Vienne / Varetz
27%
D Donzenac
19%
N Nexon
13%
Aucun quiz correspondant
Distribution des résultats
% des personnes avec chaque résultat
Percentile par nombre de réponses
Votre historique - résultats
Vous n’avez pas pris ce quiz